| 000 | 02487ncm0a22004211 4500 | ||
|---|---|---|---|
| 001 | RU\NLR\ONIZ\195762 | ||
| 005 | 20250614044319.0 | ||
| 035 | _aRU\NLR\ONIZ\lanatalya\5000001085\20130123195762 | ||
| 035 | _a(NLR Aleph) 010403668 | ||
| 090 |
_a9719696 _c9719696 |
||
| 100 | _a20130123d1948 |||y0rusy50 ca | ||
| 101 | 0 | _arus | |
| 102 | _aRU | ||
| 125 | _azx | ||
| 128 |
_awz _armc |
||
| 145 | 0 | _ab | |
| 200 | 1 |
_aДве пьесы _bНоты _eдля фп. в 6 рук _fС. Рахманинов _gпод ред. Н. Загорного |
|
| 210 |
_aЛенинград _aМосква _cГосударственное музыкальное издательство _d1948 |
||
| 215 |
_a27 с. _d34 см |
||
| 313 | _aСистематизация документа проведена по изданию - Методика классифицирования музыкальных произведений (нотных изданий) по таблицам Библиотечно-библиографических классификаций : метод. рекомендации / Гос. б-ка СССР им. В.И. Ленина.- М., 1977. Индексу ББК методических рекомендаций присваивается код ББК для научных библиотек - LBC/SL | ||
| 327 | 1 |
_a1. Вальс; _a2. Романс |
|
| 464 | 0 |
_12001#$aВальс _1215##$aС.4-13 _16061#$aВальсы для фп.$xНоты$yРоссия$z19-20 вв.$2nlr_sh _1608##$aВальс$xНоты$yРоссия$z19-20 вв.$2nlr_sh _1686##$aЩ952.425.3-058.55(2Р=Р)$vLBC/SL$2rubbk _tВальс |
|
| 464 | 0 |
_12001#$aРоманс _1215##$aС.14-27 _16061#$aРоманс инструментальный$xНоты$yРоссия$z19-20 вв.$2nlr_sh _1686##$aЩ952.425.3-058.3(2Р=Р)$vLBC/SL$2rubbk _tРоманс |
|
| 686 |
_aЩ952.425.3-058(2Р=Р)я44 _vLBC/SL _2rubbk |
||
| 700 | 1 |
_9z04790 _aРахманинов _bС.В. _f1873-1943 _gСергей Васильевич _4230 |
|
| 702 | 1 |
_9z06790 _aЗагорный _bН. _gН _4340 |
|
| 790 | 1 |
_9z04700 _aRachmaninoff _bS. V. _f1873-1943 _gSergei Vasilyevich _4230 |
|
| 790 | 1 |
_9z06702 _aZagorniy _bN. _gN _4340 |
|
| 801 | 0 |
_aRU _bNLR _c20130123 _gPSBO |
|
| 801 | 1 |
_aRU _bNLR _c20130123 _2rusmarc |
|
| 801 | 2 |
_aRU _bNLR _c20151105 |
|
| 852 |
_aNLR _bМ _j986/283 _p278053 _t1 |
||
| 852 |
_aNLR _bМ _j986/283а _p279013 _t2 |
||
| 852 |
_aNLR _bМ _j986/283б _p279014 _t3 |
||
| 942 | _cSCORE | ||
| 980 | _aNB | ||
| 980 | _aONIZ | ||